Prueba del Athletic Club - Estadísticas

Estadísticas generales
  • Esta prueba ha sido intentada 419 veces
  • La puntuación promedio es 14 de 18
Estadísticas de respuestas
Pregunta Respuesta % Correcto
¿En qué municipio se ubica? Bilbao
98%
¿Cómo se llama su estadio? San Mamés
96%
¿Contra qué equipo juega el derbi vasco? Real Sociedad
93%
¿Qué ganó en 2024 por primera vez en 40 años? Copa del Rey
92%
¿Dónde exige el Athletic que los jugadores nazcan o crezcan? Euskal Herria
92%
¿Cuántas temporadas de La Liga no jugó en la Primera Divisón? 0
91%
¿Qué grupo terrorista secuestró el directivo del Athletic, Juan Pedro Guzmán, en 1985? ETA
90%
¿En qué años llegó al final de la UEFA Europa League? 2012
88%
¿Cuál es el apodo del estadio? La catedral
86%
¿Qué otro apodo tiene el Athletic, viniendo de sus colores? Rojiblanco
84%
¿Cómo se llama el barco en que históricamente se han celebrado sus triunfos? Gabarra del Athletic
81%
¿En qué año se fundó de facto el club? 1898
78%
¿Qué apodo viene del nombre del estadio? Los leones
77%
Siendo mayor goleada conseguida en Liga como local, ¿contra qué club ganó 12 - 1 en la temporada 1930-31? F. C. Barcelona
72%
¿Quién es el máximo goleador de la historia del club? Telmo Zarra
70%
¿Qué portero tiene más partidos disputados para el Athletic? José Ángel Iribar
68%
¿En qué años llegó al final de la UEFA Europa League? 1977
57%
¿Quién es conocido por tener 20 temporadas en el Athletic y 10 títulos? Piru Gainza
21%
No se encontraron pruebas coincidentes
Distribución de puntuación
Porcentaje de gente con cada puntuación
Porcentaje por número respondido
Historial de tus puntuaciones
No has intentado esta prueba.